<?xml version="1.0" encoding="UTF-8"?>
<record
    xmlns:xsi="http://www.w3.org/2001/XMLSchema-instance"
    xsi:schemaLocation="http://www.loc.gov/MARC21/slim http://www.loc.gov/standards/marcxml/schema/MARC21slim.xsd"
    xmlns="http://www.loc.gov/MARC21/slim">

  <leader>01515    a2200241   4500</leader>
  <controlfield tag="005">2008091602142.0</controlfield>
  <controlfield tag="008">080916t        xxu||||| |||| 00| 0 hin d</controlfield>
  <datafield tag="010" ind1=" " ind2=" ">
    <subfield code="a">HIN-80886</subfield>
  </datafield>
  <datafield tag="020" ind1=" " ind2=" ">
    <subfield code="c">195.00</subfield>
    <subfield code="a">978183187824</subfield>
  </datafield>
  <datafield tag="035" ind1=" " ind2=" ">
    <subfield code="a">HN-53232</subfield>
  </datafield>
  <datafield tag="037" ind1=" " ind2=" ">
    <subfield code="b">D.B.Act / pub</subfield>
  </datafield>
  <datafield tag="082" ind1=" " ind2=" ">
    <subfield code="a">339</subfield>
  </datafield>
  <datafield tag="100" ind1=" " ind2=" ">
    <subfield code="a">&#x92E;&#x93F;&#x936;&#x94D;&#x930;, &#x90F;&#x938;.&#x915;&#x947;.</subfield>
  </datafield>
  <datafield tag="245" ind1=" " ind2=" ">
    <subfield code="a">&#x938;&#x92E;&#x937;&#x94D;&#x91F;&#x93F; &#x905;&#x930;&#x94D;&#x925;&#x936;&#x93E;&#x938;&#x94D;&#x924;&#x94D;&#x930; &#x915;&#x947; &#x938;&#x93F;&#x926;&#x94D;&#x927;&#x93E;&#x928;&#x94D;&#x924;&#x903;&#x926;&#x93F;&#x932;&#x94D;&#x932;&#x940; &#x935;&#x93F;&#x936;&#x94D;&#x935;&#x935;&#x93F;&#x926;&#x94D;&#x92F;&#x93E;&#x932;&#x92F; &#x915;&#x947; &#x92C;&#x940;.&#x90F;.(&#x92A;&#x94D;&#x930;&#x94B;&#x917;&#x94D;&#x930;&#x93E;&#x92E;) &#x924;&#x925;&#x93E; &#x92C;&#x940;.&#x915;&#x93E;&#x92E;.&#x926;&#x94D;&#x935;&#x93F;&#x924;&#x940;&#x92F; &#x935;&#x930;&#x94D;&#x937; &#x915;&#x947; &#x935;&#x93F;&#x926;&#x94D;&#x92F;&#x93E;&#x930;&#x94D;&#x925;&#x93F;&#x92F;&#x94B;&#x902; &#x915;&#x947; &#x932;&#x93F;&#x90F;</subfield>
    <subfield code="c">&#x90F;&#x938;.&#x915;&#x947;.&#x92E;&#x93F;&#x936;&#x94D;&#x930; &#x924;&#x925;&#x93E; &#x935;&#x940;.&#x915;&#x947;.&#x92A;&#x941;&#x930;&#x940;</subfield>
  </datafield>
  <datafield tag="246" ind1=" " ind2=" ">
    <subfield code="a">Samashti Airthshastra ke Siddhant</subfield>
    <subfield code="b">by S. k. Mishra and V. K. Puri</subfield>
  </datafield>
  <datafield tag="260" ind1=" " ind2=" ">
    <subfield code="a">&#x92E;&#x941;&#x92E;&#x94D;&#x92C;&#x908;</subfield>
    <subfield code="b">&#x939;&#x93F;&#x92E;&#x93E;&#x932;&#x92F;&#x93E; &#x92A;&#x92C;&#x94D;&#x932;&#x93F;&#x936;&#x93F;&#x902;&#x917; &#x939;&#x93E;&#x90A;&#x938;</subfield>
    <subfield code="c">2007</subfield>
  </datafield>
  <datafield tag="300" ind1=" " ind2=" ">
    <subfield code="a">347&#x92A;&#x943;</subfield>
    <subfield code="c">24&#x938;&#x947;&#x92E;&#x940; (&#x905;&#x91C;&#x93F;&#x932;&#x94D;&#x926;)</subfield>
  </datafield>
  <datafield tag="650" ind1=" " ind2=" ">
    <subfield code="a">Macro Economics</subfield>
  </datafield>
  <datafield tag="700" ind1=" " ind2=" ">
    <subfield code="a">&#x92A;&#x941;&#x930;&#x940;, &#x935;&#x940;.&#x915;&#x947;.</subfield>
  </datafield>
  <datafield tag="270" ind1=" " ind2=" ">
    <subfield code="a">&#x930;&#x93E;&#x92E;&#x926;&#x942;&#x924; &#x921;&#x93E;. &#x92D;&#x93E;&#x932;&#x947;&#x930;&#x93E;&#x935; &#x92E;&#x93E;&#x930;&#x94D;&#x917; &#x917;&#x93F;&#x930;&#x917;&#x93E;&#x901;&#x935;(&#x915;&#x947;&#x932;&#x947;&#x935;&#x93E;&#x921;&#x93C;&#x940;)</subfield>
    <subfield code="b">&#x92E;&#x941;&#x92E;&#x94D;&#x92C;&#x908;</subfield>
    <subfield code="e">400004</subfield>
    <subfield code="k">23860170</subfield>
    <subfield code="l">022-23877178</subfield>
    <subfield code="m">himpub@vsnl.com</subfield>
  </datafield>
  <datafield tag="942" ind1=" " ind2=" ">
    <subfield code="a">dpl</subfield>
    <subfield code="c">HN</subfield>
    <subfield code="k">339 / &#x92E;&#x93F;&#x936;&#x94D;&#x930;&#x90F;</subfield>
    <subfield code="2">ddc</subfield>
    <subfield code="h">339</subfield>
    <subfield code="m"> &#x92E;&#x93F;&#x936;&#x94D;&#x930;&#x90F;</subfield>
  </datafield>
  <datafield tag="999" ind1=" " ind2=" ">
    <subfield code="c">7240</subfield>
    <subfield code="d">7240</subfield>
  </datafield>
  <datafield tag="952" ind1=" " ind2=" ">
    <subfield code="0">0</subfield>
    <subfield code="1">0</subfield>
    <subfield code="2">ddc</subfield>
    <subfield code="4">0</subfield>
    <subfield code="7">0</subfield>
    <subfield code="a">DBAD</subfield>
    <subfield code="b">DBAD</subfield>
    <subfield code="d">2008-09-16</subfield>
    <subfield code="g">195.00</subfield>
    <subfield code="l">0</subfield>
    <subfield code="o">339  &#x92E;&#x93F;&#x936;&#x94D;&#x930;&#x90F;</subfield>
    <subfield code="p">HN-53232</subfield>
    <subfield code="r">2008-09-15 00:00:00</subfield>
    <subfield code="t">1</subfield>
    <subfield code="u">8098</subfield>
    <subfield code="v">195.00</subfield>
    <subfield code="w">2008-09-15</subfield>
    <subfield code="y">HN</subfield>
  </datafield>
</record>
